00595nam a22001817a 450000500170000001000150001702000260003203500130005803700130007108200110008410000170009524500980011226000610021027000500027130000250032150000500034670000170039620140303171638.0 aENG-108709 c500.00a9788171641147 aEN-92242 bDBAD/PUB a595.76 aPajni, H. R. aBiology of bruchidae :cby H. R. Panji [and] I.J. Guptabstructure, development and control / aNew DelhibIndian Council of Agricultural Researchc2012 aKrishi Anusandhan Bhavan-lbNew Delhie110012 aiv,221p. c24cm(pbk) aIncludes bibliographical references and Index aGupta, I. J.